000 02064nam0a2200361 4500
001 RU\NLR\BIBL_A\012018425
005 20190605160613.0
010 _a978-5-88814-816-7
_9510
021 _aRU
_bКН-П-19-030331
_9КН-П-19-2277
035 _a(NLR Aleph) 012018425
035 _a(RuMoRGB)009962237
090 _a11487147
_c11487147
100 _a20190521d2019 k y0rusy50 ca
101 0 _arus
_aeng
102 _aRU
105 _aa|||z|||000zy
200 1 _aПрыжок "азиатских тигров": роль высшего образования в национальном сознании группы стран Восточной Азии
_eмонография
_fТ.Е. Исаева, Е.С. Исаева
_gРосжелдор, Федеральное государственное бюджетное образовательное учреждение высшего образования "Ростовский государственный университет путей сообщения" (ФГБОУ ВО РГУПС)
210 _aРостов-на-Дону
_cРедакционно-издательский центр ФГБОУ ВО РГУПС
_d2019
215 _a134 с.
_cил., табл.
_d21
300 _aЗагл. корешка: Прыжок "азиатских тигров"
300 _aЧасть текста на англ. яз.
320 _aБиблиогр.: с. 122-125 (46 назв.) и в подстроч. примеч.
516 1 _aПрыжок "азиатских тигров"
606 1 _aВысшее образование
_yАзия Восточная
_92412795
_3RU\NLR\AUTH\6601656509
610 0 _aвысшее образование в странах Восточной Азии
686 1 _aЧ484(545)
700 1 _aИсаева
_bТ. Е.
_gТатьяна Евгеньевна
701 1 _aИсаева
_bЕ. С.
_gЕлена Станиславовна
942 _cBOOK
980 _aNBR
980 _aNB